000 00501nam a2200193Ia 4500
008 101110s9999 xx 000 0 und d
041 _aENGLISH
082 _bSR14287
_a657.42
100 _aPatkar M.G.
245 _aCost Accounting and Income-tax Paper II
365 _b15
520 _aCommerce
546 _aENGLISH
630 _aCost Accounting and Income-tax Paper II
650 _aCommerce
655 _aCommerce
730 _aCost Accounting and Income-tax Paper II
942 _cBOOK
999 _c808377
_d808374